| 000 | 01223nam a2200229Ia 4500 | ||
|---|---|---|---|
| 001 | L227-5506 | ||
| 003 | IT-CnALBA | ||
| 008 | 170116s9999||||xx |||||||||||||| ||und|| | ||
| 040 |
_aIT-CnALBA _cIT-CnALBA |
||
| 041 | _aITALIANO | ||
| 100 | _aPAOLO, APOSTOLO E SANTO | ||
| 245 | 0 | _aTUTTO S. PAOLO. | |
| 250 | _a1a ed. | ||
| 260 |
_a ROSTA, TORINO _bCENTRO M. DIVINAE GR. _c1974 [1° Ed.:1974 - Ed.Ling.Originale: 1974] |
||
| 300 | _a448 p. (prefazione: 532) | ||
| 500 | _aTRADUZIONE E PRESENTAZIONE DI CARLO DE AMBROGIO. DEDICATO A MARIA SS.MA. VITA DI S. PAOLO. LETTERE AI TESSALONICESI. PRIMA E SECONDA AI CORINTI. LETTERA AI GALATI. LETTERA AI ROMANI. AI FILIPPESI. COLOSSESI EFESINI FILEMONE EBREI PRIMA E SECONDA A TIMOTEO | ||
| 501 | _aSocietà San Paolo EM - Piazza San Paolo, 14 - 12051 ALBA (CN) (non commercial uses only) ® Copyright 2017 | ||
| 520 | _aTRADUZIONE E PRESENTAZIONE DI CARLO DE AMBROGIO. DEDICATO A MARIA SS.MA. VITA DI S. PAOLO. LETTERE AI TESSALONICESI. PRIMA E SECONDA AI CORINTI. LETTERA AI GALATI. LETTERA AI ROMANI. AI FILIPPESI. COLOSSESI EFESINI FILEMONE EBREI PRIMA E SECONDA A TIMOTEO | ||
| 650 | _aLETTERE DI S. PAOLO - LETTERE CATTOLIC | ||
| 942 | _cBK | ||
| 957 | _71 | ||
| 999 |
_a6485 _bNO _g Copie: 1 _c264692 _d264692 |
||